000 01273nam a2200205 4500
001 112755
003 ES-MaACL
005 20230906185623.0
007 t|
008 061121s1970 ag r ||||1| spa d
100 1 _aNietzsche, Friedrich,
_d1844-1900
_985718
245 1 0 _aObras completas /
_cFriedrich Nietzsche ; traducción del alemán por Pablo Simón ; precedidas del ensayo ` Nietzsche, filósofo dionisíaco` de Ezequiel Martínez Estrada.
260 _aBuenos Aires :
_bPrestigio,
_c1970.
300 _a5 v. ;
_c20 cm.
505 8 _aContiene: Vol. I Nietzche, filósofo dionesíaco / Ezequiel Martínez Estrada ; El Origen de la tragedia ; Consideraciones inactuales / Friedrich Nietzche -- Vol. II Humano demasiado humano I y II ; Opiniones y sentencias varias ; El caminante su sombra ; Aurora -- Vol. III La gaya ciencia ; Así habló Zaratustra ; Más allá del bien y el mal ; La genealogía de la moral -- Vol. IV EL caso Wagner ; Nietzche contra Wagner ; El ocaso de los ídolos ; El anticristo ; Ecce homo ; Ditirambos a lo Dionisos ; La voluntad de Poder -- Vol. V La inocencia del devenir.
700 1 _aSimón, Pablo.
_9106530
700 1 _aMartínez Estrada, Ezequiel.
_978074
852 _aES-MaACL
_jC-41149-53
_bR.80273
999 _c112755
_d112755